Language Practice - French - Statistics

General Stats
  • This quiz has been taken 44 times
    33 since last reset
  • The average score is 15 of 20
Answer Stats
English French % Correct
Baby Bébé
100%
White Blanc
100%
Blue Bleu
100%
Good Bon
100%
Cat Chat
100%
Dog Chien
100%
To Dance Danser
100%
Cheese Fromage
100%
Fruit Fruit
100%
Game Jeu
100%
Bed Lit
100%
Book Livre
100%
Mountain Montagne
100%
Black Noir
100%
Night Nuit
100%
Bread Pain
100%
To Speak Parler
100%
Father Père
100%
Green Vert
100%
Car Voiture
100%
To Like Aimer
89%
To Eat Manger
88%
Orange Orange
86%
To Think Penser
86%
To Come Venir
86%
City Ville
86%
To Drink Boire
83%
Man Homme
83%
Yellow Jaune
83%
House Maison
83%
Small Petit
83%
Fish Poisson
83%
Face Visage
83%
Friend Ami
80%
Water Eau
80%
Day Jour
80%
Lake Lac
80%
Hand Main
80%
To Love Aimer
75%
Family Famille
75%
Apple Pomme
75%
Money Argent
71%
Child Enfant
71%
Gold Or
71%
Hot Chaud
67%
Sky Ciel
67%
Color Couleur
67%
Short Court
67%
Flower Fleur
67%
Slow Lent
67%
Beach Plage
67%
Door Porte
67%
Ground Terre
67%
Head Tête
67%
Glass Verre
67%
Leg Jambe
63%
Bag Sac
63%
Box Boîte
60%
Hello Bonjour
60%
Chair Chaise
60%
Key Clé
60%
To Cook Cuisiner
60%
To Clean Nettoyer
60%
River Rivière
60%
Fast Rapide
56%
Ball Balle
50%
Brown Brun
50%
Cold Froid
50%
To Play Jouer
50%
Light Lumière
50%
To Know Savoir
50%
Eye Œil
43%
Tree Arbre
40%
To Close Fermer
40%
Happy Heureux
40%
Cloud Nuage
40%
Bottle Bouteille
33%
Young Jeune
33%
Food Nourriture
33%
To live Vivre
33%
Grass Herbe
29%
Floor Sol
20%
Cup Tasse
17%
Fire Feu
0%
No matching quizzes found
Score Distribution
Percent of People with Each Score
Percentile by Number Answered
Your Score History
You have not taken this quiz since the last reset